Ethics in Marketing
Αποθηκεύτηκε σε:
| Κύριος συγγραφέας: | |
|---|---|
| Άλλοι συγγραφείς: | |
| Μορφή: | Βιβλίο |
| Γλώσσα: | English |
| Δημοσίευση: |
Burr Ridge, Illinois :
Irwin,
1992
|
| Θέματα: | |
| Ετικέτες: |
Προσθήκη ετικέτας
Δεν υπάρχουν, Καταχωρήστε ετικέτα πρώτοι!
|
MARC
| LEADER | 00000nam a2200000 i 4500 | ||
|---|---|---|---|
| 001 | 1/56092 | ||
| 008 | 960514s1992 eng d | ||
| 020 | |a 0-256-10894-3 | ||
| 035 | |l 10027964 | ||
| 040 | |a GR-MY-UA |b gre |e aacr | ||
| 041 | 0 | |a eng | |
| 082 | 0 | |a 174.4 | |
| 100 | 1 | |a Smith, Craig N. |d 1958- | |
| 245 | 1 | 0 | |a Ethics in Marketing / |c N. Craig Smith, John A. Quelch |
| 260 | |a Burr Ridge, Illinois : |b Irwin, |c 1992 | ||
| 300 | |a 838 p. | ||
| 500 | |a Includes index | ||
| 650 | 0 | 0 | |a Marketing. |
| 650 | 0 | 0 | |a Business ethics. |
| 700 | 1 | |a Quelch, John A. | |
| 852 | |a INST |b CHIOS |e 19960514 |h 174.4 SMI |p 005200008459 |q 005200008459 |t BK |y 0 | ||
| 909 | |a Χ |b 042419 | ||